| 000 | 00000nam##2200000za#4500 |
| 001 | 9.572139 |
| 003 | CaOODSP |
| 005 | 20220111083046 |
| 007 | cr ||||||||||| |
| 008 | 150406|1990||||xxc|||||o f|0| 0 eng|d |
| 022 | |a1928-6414 |
| 040 | |aCaOODSP|beng |
| 043 | |an-cn--- |
| 086 | 1 |aNE22-1/1990-7E-PDF |
| 110 | 1 |aCanada. |bNational Energy Board. |
| 245 | 10|aReasons for decision in the matter of North Canadian Oils Limited |h[electronic resource] |
| 246 | 1 |iVariant title : |aNorth Canadian Oils Limited |
| 260 | |aOttawa - Ontario : |bNational Energy Board |cJuly 1990. |
| 300 | |a23p.|bgraphs, tables |
| 490 | 1 |aReasons for decision |x1928-6414|vGH-2-90 |
| 500 | |aThe catalogue number (NE22-1/1990-7E) and ISBN (0-662-18057-7) for the print edition have been incorrectly copied in this electronic publication. |
| 590 | |a12-04-Supp|b2012-02-20 |
| 775 | 08|tMotifs de décision relativement à North Canadian Oils Limited |w(CaOODSP)9.602551 |
| 830 | #0|aReasons for decision (Canada. National Energy Board)|x1928-6414|vGH-2-90|w(CaOODSP)9.504480 |
| 856 | 40|ahttp://publications.gc.ca|qPDF|s99 KB|uhttps://publications.gc.ca/collections/Collection/NE22-1-1990-7E.pdf|yGH-2-90 |